Loading...
Science - Physics | 0 | 4 | 0 | 0 | 40 | 55 | 91.75 | 2 | 3 |
Science - Other Science | 0 | 3 | 0 | 0 | 30 | 84 | 103.00 | 0 | 2 |
Mythology | 0 | 2 | 0 | 2 | 20 | 123 | 124.50 | 0 | 0 |
History - American History | 0 | 2 | 0 | 1 | 20 | 125 | 130.00 | 0 | 0 |
Literature - American Literature | 0 | 2 | 0 | 0 | 20 | 139 | 140.50 | 0 | 0 |
Social Science | 0 | 1 | 0 | 1 | 10 | 120 | 120.00 | 0 | 1 |
Literature - British Literature | 0 | 1 | 0 | 0 | 10 | 142 | 142.00 | 0 | 0 |
Literature - World Literature | 0 | 1 | 0 | 0 | 10 | 132 | 132.00 | 0 | 1 |
Science - Biology | 0 | 1 | 0 | 0 | 10 | 88 | 88.00 | 0 | 1 |
Fine Arts - Classical Music | 0 | 1 | 0 | 1 | 10 | 132 | 132.00 | 0 | 0 |
Science - Chemistry | 0 | 0 | 1 | 0 | -5 | 0.00 | 0 | 0 |